12 villes les plus peuplées du Bangladesh sur une carte - Statistiques

Statistiques générales
  • Ce quiz a été pris 56 fois
  • Le résultat moyen est 4 sur 12
Réponses sur la Carte
Les réponses sont colorées sur une échelle allant du rouge au vert en fonction du pourcentage des utilisateurs qui les ont devinées à leur premier essai. Vous pouvez retrouver ces pourcentages ci-dessous.
 
Statistiques - réponses
Ville Population (2022) % Correct
Dacca 10,278,882
100%
Chittagong 3,227,246
76%
Khulnâ 718,735
38%
Sylhet 532,426
35%
Rangpur 708,384
32%
Comilla 439,414
29%
Barisal 419,351
26%
Râjshâhî 552,791
26%
Bogra + 450,000
24%
Narayanganj 967,724
24%
Mymensingh 576,722
18%
Gazipur 2,674,697
15%
Aucun quiz correspondant
Distribution des résultats
% des personnes avec chaque résultat
Percentile par nombre de réponses
Votre historique - résultats
Vous n’avez pas pris ce quiz